000 01955cam a22004334i 4500
003 PE-LiUPU
005 20250731184538.0
008 150623s r 000 0 d
035 _a(Sirsi) a24580
040 _aPE-LiUPU
_bspa
_cPE-LiUPU
_erda
082 0 4 _a985.722
_bG85
_221
100 1 _aGuallart S.J., José María,
_eautor.
245 1 3 _aLa tierra de los cinco ríos /
_cJosé María Gualllart S. J.
264 1 _aLima :
_bBanco Central de Reserva del Perú; Fondo Editorial,
_c1997.
300 _a162 páginas :
_bilustraciones, gráficos ;
_c23 cm.
336 _atext
_2rdacontent
337 _aunmediated
_2rdamedia
338 _avolume
_2rdacarrier
504 _aIncluye bibliografía.
505 0 _aGeología. - Orografía. - Hidrografía: El gran río de las amazonas y nuestro marañón. - Los afluentes de nuestro marañón. - Un intermezzo meteorológico. - El manto real de la selva. - El bullicioso mundo de ls animales. - Segunda parte: La población . - Los centros poblados, el acondicionamiento administrativo y las instituciones presentes en la zona. - Las necesidades básicas. - La economía y sus recursos. - Artesanía, comercio y transportes.- Vida social y recreaciones. - Referencias bibliográficas.
526 _aP136
526 _aP135
526 _aP134
526 _aP133
526 _aP144
526 _aP143
526 _aP87
526 _aP35
526 _aP20
526 _aP14
526 _aP10
526 _aP06
650 0 4 _aCenepa (Rio)
_zPerú, Amazonas.
942 _2ddc
_cBOOK
949 _a985.722 G85
_wDEWEY
_c1
_i48915
_lCCODEBUL1
_mBUL
_p00.00
_r0
_sY
_tBOOK
_u2015-06-24
_xBIBLIOTECA
_zUNKNOWN
_0COMPRA
_o.STAFF. Colección General
596 _a1
999 _a985.722 G85
_wDEWEY
_c28074
_i48915
_d28074
_e2019-5-27
_f2021-11-8
_g5
_lCCODEBUL1
_mBUL
_n1
_r0
_sY
_tBOOK
_u2015-6-24
_xBIBLIOTECA
_zUNKNOWN
_0COMPRA
_o.STAFF. Colección General
980 _81
_gALBERTO SANCHEZ Responsable de Automatización